Les lapidaires indiens / (Record no. 154097)

MARC details
000 -LEADER
campo de control de longitud fija 00717nam a22002055i 4500
001 - NÚMERO DE CONTROL
campo de control 154097
003 - IDENTIFICADOR DE NÚMERO DE CONTROL
campo de control ES-MaACL
005 - FECHA Y HORA DE LA ÚLTIMA TRANSACCIÓN
campo de control 20230906205523.0
008 - DATOS DE LONGITUD FIJA--INFORMACIÓN GENERAL
campo de control de longitud fija 011016s1896 fr |||| | fre d
040 ## - FUENTE DE CATALOGACIÓN
Centro catalogador/agencia de origen CAM
Lengua de catalogación spa
Centro/agencia transcriptor CAM
100 1# - ENTRADA PRINCIPAL--NOMBRE DE PERSONA
Nombre de persona Finot, Louis.
9 (RLIN) 127083
245 14 - MENCIÓN DEL TÍTULO
Título Les lapidaires indiens /
Mención de responsabilidad, etc. par Louis Finot.
260 ## - PUBLICACIÓN, DISTRIBUCIÓN, ETC.
Lugar de publicación, distribución, etc. Paris :
Nombre del editor, distribuidor, etc. librairie Émile Bouillon,
Fecha de publicación, distribución, etc. 1896 (
Lugar de fabricación/manufactura Chalon-Sur-Saône :
Fabricante imp. française et orientale de L. Marceau)
300 ## - DESCRIPCIÓN FÍSICA
Extensión LII, 280 p. ;
Dimensiones 26 cm.
490 1# - MENCIÓN DE SERIE
Mención de serie Bibliothèque des Hautes Etudes ;
Designación de volumen o secuencia 111
650 #4 - PUNTO DE ACCESO ADICIONAL DE MATERIA--TÉRMINO DE MATERIA
Término de materia o nombre geográfico como elemento de entrada Lapidarios-
Subdivisión geográfica India.
9 (RLIN) 136341
830 0# - PUNTO DE ACCESO ADICIONAL DE SERIE-TÍTULO UNIFORME
Título uniforme Bibliothèque des Hautes Etudes ;
Designación de volumen o secuencia 111
9 (RLIN) 221457
852 ## - LOCALIZACIÓN
Ubicación ES-MaACL
Número de control de estantería C-7631
Nota libre -- Enc. hol.
Holdings
Estatus retirado Estado de pérdida Estado de daño No para préstamo Colección Biblioteca de origen Biblioteca actual Ubicación en estantería Fecha de adquisición Fuente de adquisición Total de préstamos Signatura topográfica completa Código de barras Visto por última vez Precio de reemplazo Tipo de ítem Koha
        Libros del s. XIX Biblioteca del Ateneo de Madrid Biblioteca del Ateneo de Madrid Sala Palomar 17/01/2008     C-7631 1161129 23/02/2023 23/02/2023 Libro impreso antiguo